| 000 | 00455nam a2200193Ia 4500 | ||
|---|---|---|---|
| 008 | 210210b1962 xxu||||| |||| 00| 0 eng d | ||
| 041 | _aeng | ||
| 082 | _a333/50 | ||
| 100 | _aINDIA (Governmet of) | ||
| 245 | _aSecond five year plan 1959-60 | ||
| 260 |
_aNew Delhi _bPlanning Commission _c1962 |
||
| 650 | _ayear | ||
| 650 | _aSecond | ||
| 650 | _aplan | ||
| 650 | _afive | ||
| 650 | _a1959-60 | ||
| 690 | _aEconomic Planning | ||
| 906 | _a004223 | ||
| 999 |
_c123673 _d123673 |
||